[Event "4NCL Division 3"]
[Site "Daventry Court ENG"]
[Date "2015.03.22"]
[Round "8.147"]
[White "Gregory, Steve"]
[Black "Goodger, Martyn"]
[Result "0-1"]
[WhiteElo "2069"]
[BlackElo "2085"]
[PlyCount "236"]
[EventDate "2015.03.22"]
[WhiteTeam "Anglian Avengers 2"]
[BlackTeam "Poisoned Pawns"]

1. e4 d5 2. exd5 Qxd5 3. Nc3 Qa5 4. Nf3 Nf6 5. Be2 g6 6. O-O Bg7 7. d4 O-O 8.
Bf4 c6 9. Qd2 Bf5 10. b4 Qd8 11. Rfe1 Nbd7 12. h3 Nb6 13. g4 Be6 14. Bh6 Re8
15. Bxg7 Kxg7 16. Ng5 Bc4 17. Bf3 Qc7 18. Nce4 Nxe4 19. Bxe4 Bd5 20. a4 Nc4 21.
Qe2 Qf4 22. Nf3 a5 23. c3 e6 24. Kg2 Bxe4 25. Qxe4 Qxe4 26. Rxe4 axb4 27. cxb4
Red8 28. Ree1 Rd5 29. Rec1 Nd6 30. Kf1 h5 31. Rc5 hxg4 32. hxg4 Ne4 33. Rxd5
cxd5 34. a5 Rc8 35. Ra2 Rc1+ 36. Kg2 Rb1 37. Rc2 Rxb4 38. Rc7 Nd6 39. Rd7 Nc4
40. Ng5 Nxa5 41. Rxf7+ Kg8 42. Rf6 Kg7 43. Rxe6 Rxd4 44. Kg3 Rd1 45. Re7+ Kf8
46. Re6 d4 47. Kf3 d3 48. Ne4 Nc4 49. Kf4 d2 50. Rf6+ Ke7 51. Rxg6 Rb1 52. Nxd2
Nxd2 53. Ke3 Nc4+ 54. Kd4 Nd6 55. f4 Rd1+ 56. Kc3 Rf1 57. f5 Rf4 58. Rg7+ Kf6
59. Rg6+ Ke5 60. Kb3 b5 61. Rg8 Kf6 62. Rg6+ Ke7 63. Rg7+ Kf8 64. Rg6 Nf7 65.
Rb6 Rxg4 66. Rxb5 Nd6 67. Rb6 Rd4 68. Kc3 Rd5 69. f6 Kf7 70. Rb1 Kxf6 71. Re1
Kf5 72. Rf1+ Ke5 73. Rh1 Ne4+ 74. Kc4 Rc5+ 75. Kb4 Rc8 76. Rd1 Rc7 77. Rd8 Nd6
78. Kb3 Rc6 79. Rh8 Kd4 80. Rh6 Rc3+ 81. Kb4 Rc4+ 82. Kb3 Ne4 83. Rh8 Nc5+ 84.
Kb2 Nd3+ 85. Kb3 Rb4+ 86. Ka3 Rb7 87. Rd8+ Kc4 88. Rc8+ Nc5 89. Ka2 Rb5 90. Rh8
Kc3 91. Rc8 Kc2 92. Ka3 Rb3+ 93. Ka2 Rc3 94. Rh8 Nb3 95. Rh2+ Nd2 96. Rg2 Rh3
97. Rg8 Kc3 98. Rc8+ Nc4 99. Rc7 Rh2+ 100. Ka1 Rb2 101. Rc8 Rb7 102. Rh8 Kc2
103. Ra8 Rh7 104. Ka2 Rc7 105. Ka1 Rb7 106. Ra2+ Kc3 107. Ra8 Kc2 108. Ra2+ Kc1
109. Ra8 Rb1+ 110. Ka2 Rb2+ 111. Ka1 Rb4 112. Ra7 Kc2 113. Ra2+ Kc3 114. Ra7
Ne3 115. Ra3+ Kd2 116. Ra7 Kc1 117. Rc7+ Nc2+ 118. Ka2 Rb2# 0-1

[Event "4NCL Division 3"]
[Site "Daventry Court ENG"]
[Date "2015.03.22"]
[Round "8.99"]
[White "Rosen, Daniel B"]
[Black "Myall, Ivan"]
[Result "1/2-1/2"]
[WhiteElo "2070"]
[BlackElo "2039"]
[PlyCount "135"]
[EventDate "2015.03.22"]

1. e4 c5 2. Nc3 a6 3. d3 e6 4. g3 Nc6 5. Bg2 Nf6 6. Nh3 Be7 7. O-O d6 8. Nf4
O-O 9. Be3 Rb8 10. a4 Qb6 11. b3 Qa5 12. Bd2 Qc7 13. h3 Bd7 14. Qc1 Nd4 15. a5
Bc6 16. Re1 Rfe8 17. Na4 Nd7 18. Ne2 Bf6 19. Nxd4 cxd4 20. c4 dxc3 21. Nxc3
Rec8 22. Qa3 Nc5 23. Bf1 Bd4 24. Rac1 Qd8 25. b4 Qf6 26. Be3 Nd7 27. Bxd4 Qxd4
28. Ne2 Qf6 29. Bg2 Bb5 30. f4 g6 31. Bf1 Qd8 32. Rc3 Rxc3 33. Qxc3 Rc8 34. Qd4
Nb8 35. Rc1 Rxc1 36. Nxc1 Nc6 37. Qc3 e5 38. Ne2 b6 39. d4 bxa5 40. bxa5 Qxa5
41. Qxa5 Nxa5 42. fxe5 dxe5 43. d5 Nb7 44. Nc3 Bxf1 45. Kxf1 Nd6 46. Ke2 f5 47.
exf5 gxf5 48. g4 fxg4 49. hxg4 Kf7 50. Kd3 a5 51. Ke3 Kf6 52. Kf3 Kg5 53. Kg3
e4 54. Na4 Nb5 55. Nc5 Nd6 56. Na4 e3 57. Nc3 Nc4 58. Ne4+ Kg6 59. Kf3 Nd2+ 60.
Kxe3 Nxe4 61. Kxe4 Kf6 62. Kd4 a4 63. Kc4 a3 64. Kb3 Ke5 65. Kxa3 Kxd5 66. Kb3
Ke4 67. Kc3 Ke3 68. g5 1/2-1/2

[Event "4NCL Division 3"]
[Site "Daventry Court ENG"]
[Date "2015.03.22"]
[Round "8.99"]
[White "Wallis, Ian"]
[Black "McCorry, Robert T"]
[Result "1/2-1/2"]
[WhiteElo "1978"]
[BlackElo "2039"]
[PlyCount "81"]
[EventDate "2015.03.22"]

1. e4 e5 2. f4 d5 3. exd5 exf4 4. Nf3 Nf6 5. Bb5+ c6 6. dxc6 Nxc6 7. d4 Bd6 8.
O-O O-O 9. Nbd2 Qb6 10. Nc4 Qxb5 11. Nxd6 Qb6 12. c4 Bg4 13. c5 Qb4 14. a3 Bxf3
15. axb4 Bxd1 16. Rxd1 Nd5 17. b5 Nd8 18. b6 a6 19. b4 Rb8 20. b5 axb5 21. Nxb5
Ne6 22. Ra7 Rfd8 23. Nd6 Nxb6 24. Nxb7 Rd7 25. c6 Rxd4 26. Rxd4 Nxd4 27. c7 Re8
28. Kf1 Nb5 29. Ra6 Nd5 30. Nd6 Nxd6 31. Rxd6 Nxc7 32. Bxf4 Ne6 33. Be3 Ra8 34.
Rc6 h6 35. Kf2 Kh7 36. Rb6 Kg6 37. h4 Ra4 38. g3 Kf5 39. Kf3 h5 40. Rb5+ Kg6
41. Rb6 1/2-1/2

[Event "4NCL Division 3"]
[Site "Daventry Court ENG"]
[Date "2015.03.22"]
[Round "8.150"]
[White "McMahon, Paul"]
[Black "Cook, Michael"]
[Result "1-0"]
[WhiteElo "1972"]
[BlackElo "1988"]
[PlyCount "55"]
[EventDate "2015.03.22"]
[WhiteTeam "Poisoned Pawns"]
[BlackTeam "Anglian Avengers 2"]

1. e4 e5 2. Nf3 Nc6 3. Bb5 Nf6 4. d3 Bc5 5. h3 Nd4 6. Nxd4 Bxd4 7. c3 Bb6 8.
Nd2 O-O 9. Nf3 c6 10. Ba4 d5 11. exd5 Qxd5 12. Bb3 Qd6 13. O-O e4 14. dxe4 Qxd1
15. Rxd1 Nxe4 16. Be3 Bxe3 17. fxe3 Re8 18. Ne5 Be6 19. Bxe6 Rxe6 20. Nc4 Kf8
21. Rd7 Nc5 22. Rc7 Rd8 23. b4 b5 24. Rf1 Rd7 25. Rc8+ Ke7 26. Na5 Rd2 27.
Nxc6+ Kd6 28. bxc5+ 1-0

[Event "4NCL Division 3"]
[Site "Daventry Court ENG"]
[Date "2015.03.22"]
[Round "8.99"]
[White "Edgell, Ben"]
[Black "Kendall, Paul SN"]
[Result "1/2-1/2"]
[WhiteElo "2141"]
[BlackElo "2021"]
[PlyCount "50"]
[EventDate "2015.03.22"]

1. d4 Nf6 2. Bg5 c5 3. Bxf6 gxf6 4. c3 Qb6 5. Qd2 d6 6. Na3 f5 7. d5 Nd7 8. Nf3
Nf6 9. e3 Bd7 10. Nc4 Qc7 11. Rd1 b5 12. Na3 a6 13. g3 e6 14. dxe6 fxe6 15. Bg2
Bc6 16. O-O Qb7 17. Qe2 Be7 18. Nb1 O-O-O 19. Nbd2 h5 20. Nh4 Bxg2 21. Nxg2
Rdg8 22. Qf3 h4 23. Rfe1 hxg3 24. Qxb7+ Kxb7 25. fxg3 Ng4 1/2-1/2

[Event "4NCL Division 3"]
[Site "Daventry Court ENG"]
[Date "2015.03.22"]
[Round "8.99"]
[White "Robson, Paul E"]
[Black "Stewart, Joseph"]
[Result "0-1"]
[WhiteElo "1899"]
[BlackElo "2187"]
[PlyCount "96"]
[EventDate "2015.03.22"]

1. e4 c5 2. Nf3 d6 3. c3 Nf6 4. h3 g6 5. Bd3 Bg7 6. O-O O-O 7. Bc2 e5 8. d3 Nc6
9. Be3 h6 10. Nbd2 Qe7 11. Nh2 d5 12. Ndf3 Rd8 13. Qe2 d4 14. cxd4 cxd4 15. Bd2
Kh7 16. Ne1 Nh5 17. g4 Nf4 18. Qf3 g5 19. Ng2 Be6 20. a3 Rac8 21. Nxf4 exf4 22.
Rfc1 Qd7 23. Ba4 a6 24. Bxc6 Rxc6 25. Qd1 Rxc1 26. Rxc1 Qb5 27. Bb4 b6 28. Qe2
a5 29. Be1 Bb3 30. Nf3 Be6 31. Nh2 Qa6 32. Qd2 Rc8 33. Rxc8 Qxc8 34. Kf1 Qc5
35. Qd1 Qc6 36. Ke2 Kg6 37. Kd2 b5 38. Qc2 Qb6 39. Ke2 b4 40. axb4 axb4 41. Qa4
b3 42. Nf3 Qc5 43. Bd2 h5 44. Nh2 Qc2 45. Qa1 hxg4 46. hxg4 f3+ 47. Nxf3 Bxg4
48. Qh1 Be5 0-1

[Event "4NCL Division 3"]
[Site "Daventry Court ENG"]
[Date "2015.03.22"]
[Round "8.99"]
[White "Villiers, Thomas"]
[Black "Plater, Ron"]
[Result "1-0"]
[WhiteElo "2093"]
[BlackElo "1902"]
[PlyCount "157"]
[EventDate "2015.03.22"]

1. e4 e6 2. d4 d5 3. exd5 exd5 4. Bd3 Nf6 5. Bf4 Bd6 6. Qe2+ Be6 7. Bxd6 Qxd6
8. Nf3 O-O 9. O-O Nc6 10. c3 Bg4 11. Nbd2 Rfe8 12. Qd1 Re7 13. Qb3 Rae8 14.
Rae1 b6 15. Rxe7 Rxe7 16. h3 Bd7 17. Re1 Rxe1+ 18. Nxe1 Nh5 19. Qd1 Nf4 20. Bc2
Nd8 21. Ndf3 f6 22. Nd3 Nde6 23. Nh4 Ng5 24. Qd2 Nxd3 25. Bxd3 g6 26. f4 Nf7
27. Qe3 Kf8 28. Kf2 Qe7 29. Qf3 Qd6 30. g4 Kg7 31. Ng2 c5 32. Qe3 c4 33. Be2 b5
34. a3 Qe6 35. Qxe6 Bxe6 36. Ne3 Nd6 37. Bf3 Ne4+ 38. Bxe4 dxe4 39. f5 Bd7 40.
Kg3 g5 41. Kf2 Kf7 42. Nf1 Ke7 43. Ke3 Bc6 44. Ng3 Bd5 45. Nxe4 Bc6 46. Nd2 Bd5
47. Kf2 Kd6 48. Kg3 Ke7 49. h4 h6 50. hxg5 hxg5 51. Nf1 Kd6 52. Ne3 Bc6 53. Kf2
Be4 54. a4 a6 55. a5 Bc6 56. Nc2 Bb7 57. Ne3 Be4 58. Ke2 Bc6 59. Kd2 Be4 60.
Kc1 Kc6 61. b3 cxb3 62. Kb2 Bd3 63. Kxb3 Be2 64. Kc2 Bf3 65. Kd3 Kd6 66. Kd2
Kc6 67. Ke1 Kd6 68. Kf2 Bb7 69. Nf1 Kd5 70. Nd2 Kd6 71. Ke3 Ke7 72. Ne4 Bc8 73.
d5 Bb7 74. Kd4 Bc8 75. Kc5 Bb7 76. Nd6 Ba8 77. Nc8+ Kf8 78. Nb6 Bb7 79. Kd6 1-0

[Event "4NCL Division 3"]
[Site "Daventry Court ENG"]
[Date "2015.03.22"]
[Round "8.158"]
[White "Wilson, Kevin J"]
[Black "Bullen, Alex"]
[Result "0-1"]
[WhiteElo "1820"]
[BlackElo "2007"]
[PlyCount "46"]
[EventDate "2015.03.22"]
[WhiteTeam "North East England 2"]
[BlackTeam "West is Best 1"]

1. d4 d5 2. Bf4 Nf6 3. e3 c5 4. c3 Nc6 5. Nd2 Bf5 6. Ngf3 e6 7. Ne5 Nxe5 8.
Bxe5 Qb6 9. Qb3 c4 10. Qxb6 axb6 11. Be2 b5 12. b4 Ra3 13. O-O Rxc3 14. a4 Bxb4
15. axb5 O-O 16. Nb1 Rb3 17. Bxf6 gxf6 18. g4 Bg6 19. h4 h6 20. Rc1 Rc8 21. Bd1
Rb2 22. Nc3 Bxc3 23. Rxc3 Rxb5 0-1

[Event "4NCL Division 3"]
[Site "Daventry Court ENG"]
[Date "2015.03.22"]
[Round "8.159"]
[White "Taylor, Will"]
[Black "Robinson, Brian"]
[Result "1-0"]
[WhiteElo "1983"]
[BlackElo "1590"]
[PlyCount "43"]
[EventDate "2015.03.22"]
[WhiteTeam "West is Best 1"]
[BlackTeam "North East England 2"]

1. e4 e6 2. d4 d5 3. Nd2 Nf6 4. e5 Nfd7 5. c3 c5 6. Bd3 Nc6 7. Ne2 cxd4 8. cxd4
f6 9. exf6 Nxf6 10. O-O Bb4 11. Nf3 Qc7 12. Bd2 Bd7 13. Rc1 Rc8 14. Re1 O-O 15.
Ng3 Qb6 16. Bxb4 Nxb4 17. Bb1 Na6 18. Ne5 Rfe8 19. Nh5 Qd8 20. Nxf6+ gxf6 21.
Bxh7+ Kf8 22. Qg4 1-0

[Event "4NCL Division 3"]
[Site "Daventry Court ENG"]
[Date "2015.03.22"]
[Round "8.99"]
[White "Pafura, Godfrey"]
[Black "Hall, John"]
[Result "1-0"]
[WhiteElo "2075"]
[BlackElo "2234"]
[PlyCount "137"]
[EventDate "2015.03.22"]

1. d4 Nf6 2. Nf3 c5 3. e3 g6 4. c3 b6 5. Ne5 a6 6. dxc5 bxc5 7. Bc4 d5 8. Bb3
Qd6 9. f4 Bg7 10. e4 e6 11. Nxf7 Kxf7 12. e5 Qb6 13. exf6 Bxf6 14. Be3 d4 15.
cxd4 cxd4 16. Bf2 Bb7 17. O-O Qc6 18. Qg4 Re8 19. Nd2 Nd7 20. Rac1 Nc5 21. Nf3
Qb6 22. Ne5+ Kg7 23. Bxd4 Rac8 24. Bf2 Qb4 25. Rc4 Qb5 26. Rc3 Be4 27. Rfc1
Nxb3 28. axb3 Rxc3 29. Rxc3 Re7 30. h3 h5 31. Qg3 Qd5 32. Kh2 Qd2 33. Re3 Qd5
34. Be1 Bxe5 35. fxe5 Rf7 36. Qg5 Rf5 37. Qe7+ Rf7 38. Qg5 Rf5 39. Qg3 Rf7 40.
Re2 Qd3 41. Re3 Qc2 42. Bd2 Bd5 43. Rd3 h4 44. Qe3 Kg8 45. Rd4 Qc5 46. Bc3 g5
47. Bb4 Qb6 48. Qd2 Rf5 49. Rxd5 exd5 50. Qxd5+ Kh7 51. Qd7+ Kg6 52. Bd6 Rf1
53. Qe6+ Kh7 54. Qe7+ Kg6 55. Bc5 Qc6 56. b4 Rf7 57. Qd8 Qe6 58. Qd3+ Rf5 59.
Bd6 Kh6 60. Qxa6 Rxe5 61. b5 Re2 62. Qc6 Kg6 63. b4 Rd2 64. Bc7 Kf7 65. Qf3+
Ke7 66. b6 Kd7 67. Qa8 Qd5 68. Qd8+ Kc6 69. b5+ 1-0

[Event "4NCL Division 3"]
[Site "Daventry Court ENG"]
[Date "2015.03.22"]
[Round "8.99"]
[White "Deighton, Simon"]
[Black "Richardson, Keith B"]
[Result "0-1"]
[WhiteElo "1994"]
[BlackElo "2039"]
[PlyCount "84"]
[EventDate "2015.03.22"]

1. d4 g6 2. c4 Bg7 3. e4 d6 4. Nc3 c6 5. Nge2 a6 6. Be3 b5 7. Ng3 Nf6 8. Be2
O-O 9. O-O bxc4 10. Bxc4 Ng4 11. Bc1 e5 12. d5 c5 13. h3 Nh6 14. Be3 f5 15.
exf5 Nxf5 16. Nxf5 gxf5 17. f4 Nd7 18. Qd2 Rb8 19. Bb3 Rb4 20. Ba4 e4 21. Bxd7
Bxd7 22. Rac1 a5 23. Kh1 a4 24. Rc2 Qb6 25. Rf2 Rb8 26. Qe2 Rd4 27. g4 Rd3 28.
gxf5 Bxf5 29. Rg2 Rf8 30. Rg5 a3 31. Rxf5 Rxf5 32. Nxe4 Rxe3 33. Qxe3 axb2 34.
Nd2 b1=Q+ 35. Nxb1 Qxb1+ 36. Rc1 Qb7 37. Qe6+ Qf7 38. Qxd6 Qxd5+ 39. Qxd5+ Rxd5
40. Rc2 Bd4 41. Kg2 Kf7 42. Kf3 Rd7 0-1

[Event "4NCL Division 3"]
[Site "Daventry Court ENG"]
[Date "2015.03.22"]
[Round "8.99"]
[White "Lawson, Maurice E"]
[Black "Mossong, Hubert"]
[Result "0-1"]
[WhiteElo "1974"]
[BlackElo "2098"]
[PlyCount "102"]
[EventDate "2015.03.22"]

1. e4 d6 2. Nc3 c5 3. f4 Nc6 4. Bb5 g6 5. Bxc6+ bxc6 6. d3 Bg7 7. Nf3 Nf6 8.
O-O O-O 9. Qe1 Bg4 10. Bd2 Nd7 11. Qg3 Bxf3 12. Qxf3 Qb6 13. Rab1 Rab8 14. Kh1
Qa6 15. Qe2 Rfe8 16. f5 Ne5 17. fxg6 hxg6 18. Bf4 Nd7 19. Bd2 Qc8 20. Nd1 Ne5
21. Bc3 Qe6 22. Ne3 Nd7 23. Bxg7 Kxg7 24. Qg4 Qxg4 25. Nxg4 a5 26. Ne3 Rb7 27.
b3 Reb8 28. Rf4 a4 29. Rbf1 f6 30. g4 g5 31. Nf5+ Kf7 32. R4f3 Rh8 33. Kg2 Ne5
34. Rh3 Rbb8 35. Rxh8 Rxh8 36. h3 Ng6 37. Rh1 axb3 38. axb3 Ra8 39. Ne3 Ra2 40.
Kf3 Ke6 41. Rc1 Ke5 42. Nf5 e6 43. Ng3 d5 44. Re1 Nh4+ 45. Kf2 Rxc2+ 46. Re2
Rxe2+ 47. Kxe2 Ng6 48. exd5 cxd5 49. Nh5 Nf4+ 50. Nxf4 Kxf4 51. d4 cxd4 0-1

[Event "4NCL Division 3"]
[Site "Daventry Court ENG"]
[Date "2015.03.22"]
[Round "8.99"]
[White "Birkin, Mark"]
[Black "Kane, Robert (Bob) B"]
[Result "1/2-1/2"]
[WhiteElo "1939"]
[BlackElo "1887"]
[PlyCount "86"]
[EventDate "2015.03.22"]

1. e4 c6 2. d3 d5 3. Nd2 e5 4. Ngf3 Bd6 5. g3 Nf6 6. Bg2 O-O 7. O-O Re8 8. a3
Nbd7 9. Nh4 g6 10. c3 a5 11. exd5 cxd5 12. Ndf3 Nf8 13. Re1 Qc7 14. Bg5 Nh5 15.
Nd2 Be6 16. c4 dxc4 17. dxc4 f6 18. Bh6 f5 19. Nhf3 e4 20. Nd4 Bc5 21. Nxe6
Nxe6 22. Nb3 Rad8 23. Qc2 Nf6 24. Nxc5 Qxc5 25. Qc3 Ng4 26. Be3 Nxe3 27. Rxe3
Rd4 28. Bf1 Red8 29. b4 axb4 30. axb4 Qc7 31. c5 Ng5 32. Be2 f4 33. gxf4 Qxf4
34. Rg3 Qf6 35. Re1 Rf8 36. Qe3 Nf3+ 37. Bxf3 exf3 38. Qb3+ Kh8 39. Re3 Rf4 40.
Qc3 Qxc3 41. Rxc3 Rxb4 42. Rgxf3 Rxf3 43. Rxf3 Kg7 1/2-1/2

[Event "4NCL Division 3"]
[Site "Daventry Court ENG"]
[Date "2015.03.22"]
[Round "8.99"]
[White "Amato, Giampiero"]
[Black "Taylor, Mark"]
[Result "1/2-1/2"]
[WhiteElo "1927"]
[BlackElo "2059"]
[PlyCount "80"]
[EventDate "2015.03.22"]

1. e4 e6 2. d4 d5 3. Nc3 Bb4 4. e5 c5 5. Bd2 Nh6 6. Nb5 Bxd2+ 7. Qxd2 O-O 8. c3
Nc6 9. f4 f6 10. Nf3 cxd4 11. cxd4 fxe5 12. fxe5 Nf5 13. Be2 Qb6 14. Rd1 Bd7
15. Nc3 Rac8 16. O-O Qd8 17. Rc1 Qe7 18. a3 a6 19. b4 Nh4 20. g3 Nxf3+ 21. Rxf3
Rxf3 22. Bxf3 Rf8 23. Bg2 Qd8 24. Ne2 Ne7 25. Nf4 Nc6 26. Qc3 Qg5 27. Rf1 h5
28. h4 Qh6 29. Nh3 Rxf1+ 30. Bxf1 Qg6 31. Ng5 Qf5 32. Kg2 Qg4 33. Nf3 Be8 34.
Bd3 Bg6 35. Nh2 Be4+ 36. Bxe4 Qxe4+ 37. Nf3 Qe2+ 38. Kh3 Qf1+ 39. Kh2 Qf2+ 40.
Kh3 Qf1+ 1/2-1/2

[Event "4NCL Division 3"]
[Site "Daventry Court ENG"]
[Date "2015.03.22"]
[Round "8.99"]
[White "Bourne, Iain"]
[Black "Head, Louise"]
[Result "1-0"]
[WhiteElo "1889"]
[BlackElo "1945"]
[PlyCount "71"]
[EventDate "2015.03.22"]

1. d4 d5 2. c4 dxc4 3. e3 e5 4. Bxc4 exd4 5. exd4 Nf6 6. Qb3 Qe7+ 7. Ne2 Qb4+
8. Nbc3 Qxb3 9. Bxb3 Bb4 10. O-O Bg4 11. h3 Bxe2 12. Nxe2 O-O 13. Bf4 c6 14.
Nc3 Nbd7 15. a3 Ba5 16. Ba2 Rac8 17. Rac1 Rfd8 18. b4 Bb6 19. d5 Bd4 20. dxc6
bxc6 21. Rfd1 c5 22. Nb5 Ne4 23. Nxd4 cxd4 24. Rxd4 Ndf6 25. Rxd8+ Rxd8 26. Rc7
h6 27. Rxf7 Kh7 28. Rxa7 Rd4 29. Kh2 Nxf2 30. Be5 N2g4+ 31. hxg4 Nxg4+ 32. Kg3
Nxe5 33. b5 Kg6 34. b6 Rd2 35. b7 Rb2 36. Bd5 1-0

[Event "4NCL Division 3"]
[Site "Daventry Court ENG"]
[Date "2015.03.22"]
[Round "8.99"]
[White "Savage, Nicholas W"]
[Black "Carpenter, Martin"]
[Result "1-0"]
[WhiteElo "2008"]
[BlackElo "2098"]
[PlyCount "79"]
[EventDate "2015.03.22"]

1. d4 Nf6 2. c4 e6 3. Nf3 c5 4. d5 b5 5. dxe6 fxe6 6. cxb5 d5 7. Nc3 Nbd7 8. e4
d4 9. e5 Ng4 10. Ne4 Ndxe5 11. Nxe5 Nxe5 12. Qh5+ Ng6 13. Bd3 c4 14. Bxc4 Bb4+
15. Bd2 Bxd2+ 16. Nxd2 Qf6 17. Qf3 Rb8 18. O-O-O Ne5 19. Qg3 Rb6 20. Rhe1 Nf7
21. a4 O-O 22. a5 Rb7 23. Nf3 Qd8 24. Nxd4 Qxa5 25. Kb1 Nd8 26. f4 Qb4 27. b3
Rc7 28. Rc1 Kh8 29. f5 e5 30. Qxe5 Rd7 31. Red1 Nf7 32. Qe2 Rxd4 33. Rxd4 Bxf5+
34. Kb2 Nd6 35. Qd2 Nxc4+ 36. Rcxc4 Qxb5 37. Rd8 Qe5+ 38. Rc3 Qf6 39. Rxf8+
Qxf8 40. Qf4 1-0

[Event "4NCL Division 3"]
[Site "Daventry Court ENG"]
[Date "2015.03.22"]
[Round "8.99"]
[White "White, Mark W"]
[Black "Ruthen, Stephen W"]
[Result "1-0"]
[WhiteElo "2063"]
[BlackElo "2032"]
[PlyCount "85"]
[EventDate "2015.03.22"]

1. e4 e5 2. Bb5 Nf6 3. Nc3 c6 4. Ba4 Bc5 5. Nf3 d6 6. h3 Nbd7 7. d3 Nf8 8. Bb3
Be6 9. O-O h6 10. Bd2 Bb6 11. Ne2 Qd7 12. Bxe6 Nxe6 13. Ng3 O-O-O 14. a4 g5 15.
b4 Rdg8 16. a5 Bd8 17. Be3 a6 18. c4 g4 19. hxg4 Nxg4 20. Bb6 Nf4 21. d4 f6 22.
Nh4 exd4 23. Bxd4 Ne5 24. Ngf5 Neg6 25. Nxg6 Rxg6 26. g3 h5 27. Be3 Nh3+ 28.
Kh2 h4 29. gxh4 Ng5 30. Bxg5 fxg5 31. h5 Bf6 32. Kg2 Rgg8 33. Rc1 Be5 34. b5 g4
35. bxa6 bxa6 36. Rh1 Bf4 37. Rb1 Qe6 38. Qe2 Re8 39. c5 Qxe4+ 40. Qxe4 Rxe4
41. cxd6 Ra4 42. Rb6 Kd7 43. Re1 1-0

[Event "4NCL Division 3"]
[Site "Daventry Court ENG"]
[Date "2015.03.22"]
[Round "8.99"]
[White "Reynolds, D Ian W"]
[Black "Mounce, Richard B"]
[Result "1-0"]
[WhiteElo "2075"]
[BlackElo "2033"]
[PlyCount "95"]
[EventDate "2015.03.22"]

1. e4 e5 2. Nf3 Nc6 3. d4 exd4 4. Nxd4 Nf6 5. Nxc6 bxc6 6. e5 Qe7 7. Qe2 Nd5 8.
c4 Ba6 9. b3 g6 10. f4 Bg7 11. Qf2 Nb6 12. a4 O-O 13. a5 Nc8 14. Be2 Rb8 15.
Ba3 d6 16. Nd2 Re8 17. O-O Qd7 18. Rad1 c5 19. Ne4 Qe7 20. Nd2 Bb7 21. Rde1 Qd7
22. Bd1 Ne7 23. Nf3 Nc6 24. Qd2 Rbd8 25. Bc2 Nd4 26. Nxd4 cxd4 27. Qxd4 Qg4 28.
Qf2 dxe5 29. h3 Qxf4 30. Qxa7 Qd4+ 31. Qxd4 Rxd4 32. Bb4 f6 33. Bc3 Rd7 34. b4
e4 35. b5 f5 36. Bxg7 Kxg7 37. a6 Ba8 38. b6 cxb6 39. Ba4 Rd2 40. Bxe8 e3 41.
Rf3 f4 42. Rxf4 Rxg2+ 43. Kf1 Rg3 44. Rf7+ Kh6 45. Bd7 Be4 46. a7 Bd3+ 47. Re2
Be4 48. Rf8 1-0

[Event "4NCL Division 3"]
[Site "Daventry Court ENG"]
[Date "2015.03.22"]
[Round "8.178"]
[White "Cowan, Richard M"]
[Black "Feavyour, John A"]
[Result "1/2-1/2"]
[WhiteElo "1884"]
[BlackElo "2027"]
[PlyCount "77"]
[EventDate "2015.03.22"]
[WhiteTeam "Jorvik"]
[BlackTeam "Iceni 1"]

1. Nf3 Nf6 2. c4 g6 3. b3 Bg7 4. Bb2 O-O 5. g3 b6 6. Bg2 Bb7 7. O-O d6 8. d4
Nbd7 9. Nbd2 Qe8 10. Re1 e5 11. Nxe5 Bxg2 12. Nxd7 Qxd7 13. Kxg2 Nh5 14. e3
Rae8 15. Qf3 f5 16. Qd5+ Kh8 17. f4 Re7 18. Re2 Rfe8 19. Rae1 Nf6 20. Qf3 Ne4
21. Nxe4 Rxe4 22. h4 h5 23. d5 b5 24. Bxg7+ Kxg7 25. Rc2 bxc4 26. Rxc4 Rxc4 27.
bxc4 Qa4 28. Qe2 Qa3 29. Kf3 Rb8 30. Qd1 Rb2 31. Re2 Rxa2 32. Qd4+ Kf7 33. Rxa2
Qxa2 34. Qh8 Qxc4 35. Qh7+ Kf8 36. Qh8+ Ke7 37. Qg7+ Kd8 38. Qg8+ Ke7 39. Qe6+
1/2-1/2

[Event "4NCL Division 3"]
[Site "Daventry Court ENG"]
[Date "2015.03.22"]
[Round "8.99"]
[White "Downham, Alan F"]
[Black "Nezis, Anastasios"]
[Result "0-1"]
[WhiteElo "1996"]
[BlackElo "1915"]
[PlyCount "82"]
[EventDate "2015.03.22"]

1. c4 d6 2. g3 e5 3. Bg2 f5 4. Nc3 Nf6 5. d3 Be7 6. e3 O-O 7. Nge2 c6 8. O-O
Qe8 9. f4 Na6 10. Rb1 Bd7 11. b4 Nc7 12. a4 Qh5 13. Bd2 Ng4 14. h3 Nf6 15. Nc1
Qg6 16. Be1 Nh5 17. Kh2 Qh6 18. Qe2 Rae8 19. Qf2 Nf6 20. Kg1 e4 21. dxe4 Nxe4
22. Nxe4 fxe4 23. g4 d5 24. Qc2 Be6 25. Ne2 dxc4 26. Qxe4 Bd5 27. Qc2 Qe6 28.
f5 Qxe3+ 29. Bf2 Qd3 30. Qxd3 cxd3 31. Bxd5+ Nxd5 32. Nd4 Bxb4 33. Ne6 Rf7 34.
Bxa7 d2 35. Bd4 Ra8 36. g5 Rxa4 37. f6 Bc3 38. Bxc3 Nxc3 39. Nd8 Nxb1 40. Nxf7
Kxf7 41. Rxb1 Rb4 0-1

[Event "4NCL Division 3"]
[Site "Daventry Court ENG"]
[Date "2015.03.22"]
[Round "8.99"]
[White "Anderson, Paul W"]
[Black "Szymanski, Mark"]
[Result "1/2-1/2"]
[WhiteElo "1851"]
[BlackElo "1811"]
[PlyCount "87"]
[EventDate "2015.03.22"]

1. c4 c6 2. Nc3 d5 3. cxd5 cxd5 4. d4 Nf6 5. e3 Nc6 6. Bd3 e5 7. dxe5 Nxe5 8.
Bb5+ Bd7 9. Bxd7+ Qxd7 10. Nge2 Bc5 11. O-O O-O 12. b3 Rad8 13. Bb2 Qg4 14. Ng3
Qh4 15. Nf5 Qg5 16. Na4 Qxf5 17. Nxc5 b6 18. Na4 Neg4 19. h3 Ne5 20. Rc1 Rd7
21. Bd4 Nd3 22. Qc2 Qg6 23. Rcd1 Nb4 24. Qe2 Rfd8 25. Nc3 Ne4 26. Rc1 Ng5 27.
Qg4 Ne4 28. Qxg6 hxg6 29. a3 Nd3 30. Rc2 Ndc5 31. b4 Ne6 32. Ne2 Nd6 33. Rd1
Nc4 34. Rc3 b5 35. Ra1 a6 36. a4 f6 37. axb5 axb5 38. Rc2 Kf7 39. Rca2 Rb7 40.
Ra7 Rdb8 41. Ra8 Rxa8 42. Rxa8 Nc7 43. Rc8 Nd6 44. Rh8 1/2-1/2

[Event "4NCL Division 3"]
[Site "Daventry Court ENG"]
[Date "2015.03.22"]
[Round "8.185"]
[White "Gregory, Andrew M"]
[Black "Adebajo, Olufemi"]
[Result "1/2-1/2"]
[WhiteElo "1987"]
[BlackElo "1971"]
[PlyCount "57"]
[EventDate "2015.03.22"]
[WhiteTeam "West is Best 2"]
[BlackTeam "MK Phoenix 2"]

1. d4 Nf6 2. Nf3 g6 3. g3 Bg7 4. Bg2 d6 5. O-O O-O 6. Nbd2 c6 7. c3 Nbd7 8. a4
a5 9. b4 e5 10. Nc4 e4 11. Ng5 axb4 12. Nxd6 Nb6 13. Nxc8 Rxc8 14. cxb4 Re8 15.
Qb3 Nbd5 16. e3 h6 17. Nh3 Qe7 18. Bd2 Qe6 19. Rab1 g5 20. b5 cxb5 21. Qxb5 b6
22. Rfc1 Bf8 23. Rxc8 Rxc8 24. a5 bxa5 25. Bxa5 Kg7 26. Bf1 Rc2 27. Rb2 Rc1 28.
Rb1 Rc2 29. Rb2 1/2-1/2

[Event "4NCL Division 3"]
[Site "Daventry Court ENG"]
[Date "2015.03.22"]
[Round "8.186"]
[White "Valentine, Brian"]
[Black "Davies, Matthew"]
[Result "0-1"]
[WhiteElo "1985"]
[BlackElo "1948"]
[PlyCount "58"]
[EventDate "2015.03.22"]
[WhiteTeam "MK Phoenix 2"]
[BlackTeam "West is Best 2"]

1. e4 e6 2. d4 d5 3. Nc3 Nf6 4. e5 Nfd7 5. f4 c5 6. Nf3 Nc6 7. Be3 Qb6 8. Na4
Qa5+ 9. c3 c4 10. b4 Nxb4 11. cxb4 Bxb4+ 12. Kf2 b5 13. a3 Be7 14. Nc5 Qc7 15.
Nxd7 Bxd7 16. Be2 O-O 17. Rf1 a5 18. Qc1 b4 19. axb4 axb4 20. Nd2 Qb7 21. Nxc4
dxc4 22. Qxc4 Rfc8 23. Qb3 Bc6 24. Bf3 Bxf3 25. gxf3 Rc3 26. Qb2 Bh4+ 27. Kg1
Rxa1 28. Rxa1 Rxe3 29. Qxb4 Qxb4 0-1

[Event "4NCL Division 3"]
[Site "Daventry Court ENG"]
[Date "2015.03.22"]
[Round "8.187"]
[White "Bridges, Paul"]
[Black "Majer, Chris"]
[Result "1/2-1/2"]
[WhiteElo "1857"]
[BlackElo "1942"]
[PlyCount "87"]
[EventDate "2015.03.22"]
[WhiteTeam "West is Best 2"]
[BlackTeam "MK Phoenix 2"]

1. e4 c6 2. d4 d5 3. e5 g6 4. f4 h5 5. Nf3 Bg4 6. h3 Bxf3 7. Qxf3 e6 8. Bd3 Qb6
9. c3 c5 10. dxc5 Bxc5 11. b4 Bxb4 12. cxb4 Qd4 13. Bb5+ Nc6 14. Bxc6+ bxc6 15.
Qc3 Qb6 16. Be3 Qa6 17. Nd2 Ne7 18. Bc5 Nf5 19. Kf2 h4 20. Nf3 Ng3 21. Rhe1
Ne4+ 22. Rxe4 dxe4 23. Nd4 Kd7 24. Ke3 Qd3+ 25. Qxd3 exd3 26. Kxd3 a5 27. a3
axb4 28. Bxb4 Rhb8 29. Rc1 Rb6 30. Nf3 Rh8 31. Ke4 Rb5 32. Nd4 Rb6 33. Nf3 Rb5
34. Ng5 Rc8 35. Nxf7 Rd5 36. Rc5 Ra8 37. Ng5 Rxc5 38. Bxc5 Ra4+ 39. Ke3 Rc4 40.
Bd6 Rc2 41. Kf3 Rc3+ 42. Kf2 Rc2+ 43. Kf3 Rc3+ 44. Kf2 1/2-1/2